000 00536nam a2200145 i 4500
001 97928
003 ES-MaACL
005 20230906182202.0
007 t|
008 050719s1903 sp ||||1| spa d
100 1 _aMaristany, Pedro Gerardo.
_976900
245 1 0 _aReorganización escolar
_b: memoria presentada al Ministro de Instrucción Pública y Bellas Artes por el Delegado Regio de Primera Enseñanza de Barcelona /
_cPedro Gerardo Maristany.
260 _aBarcelona :
_bBorrás y Mestres,
_c1903.
852 _aES-MaACL
_jT-1026-F-10
999 _c97928
_d97928